| 000 | 00958nmm a2200277 a 4500 | ||
|---|---|---|---|
| 001 | ocm0001916853 | ||
| 003 | TR-IsHL | ||
| 005 | 20201028172856.0 | ||
| 008 | 180709s2013 tu tur | ||
| 007 | cr cn | ||
| 020 | _a9786054538775 | ||
| 035 |
_a1916853 _b(N$T) |
||
| 050 | 0 | 4 |
_aHB615 _b.E74 2013 |
| 090 | 0 | 4 |
_aHB615 _b.E74 2013 |
| 100 | 1 | _aErdoğan, Fatmanur | |
| 245 | 1 | 0 |
_aBeyaz yakalı girişimci : _bgirişimci hayata yumuşak geçiş _h[electronic resource] / _cFatmanur Erdoğan ; yayına hazırlayan Utku Umut Bulsun |
| 260 |
_aİstanbul : _bOptimist Yayım Dağıtım, _c2013 |
||
| 300 | _a94 p. | ||
| 650 | 4 | _aİşletme ve Yönetim | |
| 650 | 4 | _aBusiness Management | |
| 650 | 0 | _aGirişimcilik | |
| 650 | 0 | _aEntrepreneurship | |
| 650 | 7 |
_aBUSINESS & ECONOMICS / Entrepreneurship _2bisacsh |
|
| 700 | 1 | _aBulsun, Utku Umut | |
| 856 | 4 | 0 | _uhttp://search.ebscohost.com/login.aspx?direct=true&scope=site&db=e011xww&AN=1916853 |
| 999 |
_c17417 _d17417 |
||